[Event "Landsturneringen 2015"]
[Site "Oppsal arena, Oslo"]
[Date "2015.07.06"]
[Round "4"]
[White "Olsen, Ulrik"]
[Black "Huse, Sigurd Kjelsbøl"]
[Result "1/2-1/2"]
[WhiteElo "1829"]
[BlackElo "1535"]
[PlyCount "134"]
[EventDate "2015.??.??"]

1. Nf3 d5 2. d4 Nf6 3. Bf4 Bg4 4. Ne5 Bf5 5. c4 c6 6. g3 e6 7. Bg2 Bb4+ 8. Bd2
Bxd2+ 9. Nxd2 O-O 10. O-O Nbd7 11. cxd5 cxd5 12. Nxd7 Qxd7 13. Nb3 b6 14. Qd2
Rac8 15. Rfc1 h6 16. e3 Qa4 17. Rc3 Ne4 18. Bxe4 Bxe4 19. Qc1 Qa6 20. Qf1 Qxf1+
21. Kxf1 Rxc3 22. bxc3 Rc8 23. Rc1 Bd3+ 24. Ke1 Bc4 25. Nd2 a6 26. Nxc4 Rxc4
27. Kd2 b5 28. Kd3 f5 29. f3 Ra4 30. Rc2 Ra3 31. Kd2 Kf7 32. Kc1 g5 33. Kb2 Ra4
34. Re2 Rc4 35. a3 Rc7 36. Kb3 a5 37. e4 a4+ 38. Kc2 Re7 39. exd5 exd5 40. Re5
Kf6 41. f4 gxf4 42. gxf4 Rg7 43. Rxd5 Rg2+ 44. Kd3 Rxh2 45. Rxb5 Ra2 46. Rb6+
Kg7 47. d5 Rxa3 48. Kd4 Ra1 49. Ke5 a3 50. Kxf5 Rd1 51. Ra6 a2 52. Ra7+ Kg8 53.
Rxa2 Rxd5+ 54. Ke4 Rc5 55. Kd3 Kf7 56. Ra6 h5 57. Rd6 Rf5 58. Ke4 Rc5 59. Rd3
Ke6 60. Kf3 Kf5 61. Kg3 h4+ 62. Kxh4 Kxf4 63. Kh3 Ke4 64. Rg3 Kd5 65. Kg2 Kc4
66. Kf2 Kb3 67. c4+ Kxc4
1/2-1/2

[Event "Landsturneringen 2015"]
[Site "Oppsal arena, Oslo"]
[Date "2015.07.06"]
[Round "4"]
[White "Greibrokk, Ingrid Andrea"]
[Black "Enersen, Eirik S"]
[Result "1-0"]
[WhiteElo "1649"]
[BlackElo "1477"]
[PlyCount "75"]
[EventDate "2015.??.??"]

1. e4 e6 2. d4 d5 3. exd5 exd5 4. Nf3 Nf6 5. Bd3 Bd6 6. O-O O-O 7. c3 Bg4 8.
Nbd2 c6 9. Re1 Nbd7 10. h3 Bh5 11. Nf1 Qc7 12. Ne3 Ne4 13. Nf5 Rfe8 14. Nxd6
Qxd6 15. Be2 Re6 16. Nd2 Qf4 17. Nxe4 Qxe4 18. Be3 Bxe2 19. Rxe2 Rg6 20. Qf1
Qf3 21. g3 Nf6 22. Rae1 Re8 23. Qg2 Qxg2+ 24. Kxg2 Ne4 25. Bf4 Rge6 26. f3 Ng5
27. Rxe6 Rxe6 28. Re5 f6 29. Rxe6 Nxe6 30. Bb8 a6 31. h4 Kf7 32. Kf2 Nf8 33.
Ke3 h6 34. h5 Ne6 35. b3 f5 36. Be5 g5 37. c4 Ke7 38. c5
1-0

[Event "Landsturneringen 2015"]
[Site "Oppsal arena, Oslo"]
[Date "2015.07.06"]
[Round "4"]
[White "Næss, Sara"]
[Black "Wadstensvik, Petter Andreas"]
[Result "0-1"]
[WhiteElo "1580"]
[BlackElo "1400"]
[PlyCount "50"]
[EventDate "2015.??.??"]

1. e4 e5 2. Nf3 Nc6 3. Bb5 Nf6 4. O-O Nxe4 5. d4 Nd6 6. Bxc6 dxc6 7. dxe5 Nf5
8. Qxd8+ Kxd8 9. Rd1+ Bd7 10. Ng5 Nh6 11. Nxf7+ Nxf7 12. e6 Bd6 13. exd7 Kxd7
14. Be3 Rae8 15. Nc3 Kc8 16. Ne2 Ne5 17. Ng3 Rhf8 18. Ne4 Be7 19. Bc5 Bxc5 20.
Nxc5 b6 21. Na4 Rf4 22. b3 Ng6 23. Rd2 Rfe4 24. Rad1 Re1+ 25. Rxe1 Rxe1#
0-1

[Event "Landsturneringen 2015"]
[Site "Oppsal arena, Oslo"]
[Date "2015.07.06"]
[Round "4"]
[White "Vatnestrøm, Leo Andreas Giske"]
[Black "Jacobsen, Elise Sjøttem"]
[Result "1/2-1/2"]
[WhiteElo "1232"]
[BlackElo "1605"]
[PlyCount "71"]
[EventDate "2015.??.??"]

1. e3 Nf6 2. d4 c5 3. Nf3 e6 4. c4 Nc6 5. a3 d5 6. Nc3 dxc4 7. Bxc4 cxd4 8.
exd4 Be7 9. O-O O-O 10. Be3 Qc7 11. Nb5 Qb8 12. g3 Ne4 13. Bf4 Nd6 14. Bxd6
Bxd6 15. d5 Ne5 16. Nxe5 Bxe5 17. dxe6 Bxb2 18. Ra2 Bf6 19. exf7+ Kh8 20. Re1
Bh3 21. Nd6 Qc7 22. Re8 Qc6 23. f3 Qc5+ 24. Kh1 Rd8 25. Rxf8+ Rxf8 26. Re2 Be5
27. Nxb7 Qxc4 28. Rxe5 Qxf7 29. Qd5 h6 30. Qxf7 Rxf7 31. Rh5 Bf1 32. Nd6 Rxf3
33. Rf5 Rxf5 34. Nxf5 a6 35. Kg1 Bd3 36. Nd4
1/2-1/2

[Event "Landsturneringen 2015"]
[Site "Oppsal arena, Oslo"]
[Date "2015.07.07"]
[Round "5"]
[White "Wadstensvik, Petter Andreas"]
[Black "Berntsen-Øybø, August"]
[Result "0-1"]
[WhiteElo "1400"]
[BlackElo "1684"]
[PlyCount "114"]
[EventDate "2015.??.??"]

1. e4 c5 2. Nf3 Nc6 3. g3 g6 4. Bg2 Bg7 5. O-O Nf6 6. Nc3 d6 7. d3 O-O 8. Be3
Bd7 9. Qd2 Ng4 10. Rab1 Nxe3 11. Qxe3 Qc7 12. Nd5 Qa5 13. a3 e6 14. Nf4 b5 15.
Ne2 e5 16. Nd2 Nd4 17. Nxd4 cxd4 18. Qe1 Rac8 19. Nb3 Qxe1 20. Rfxe1 Rxc2 21.
Rec1 Rfc8 22. Rxc2 Rxc2 23. Bf3 Be6 24. Bd1 Rc7 25. Rc1 Rxc1 26. Nxc1 f5 27. f3
Bh6 28. Nb3 Kf7 29. g4 Ke7 30. Na5 Kd7 31. a4 Bd2 32. Nb3 Be3+ 33. Kf1 Kc6 34.
axb5+ Kxb5 35. Na1 Bc1 36. b3 Bb2 37. Nc2 Kc5 38. exf5 gxf5 39. g5 Bxb3 40. h4
Bc1 41. Ke2 d5 42. Na1 Bxd1+ 43. Kxd1 Bf4 44. Ke2 a5 45. Nc2 e4 46. fxe4 dxe4
47. Ne1 Kb4 48. Ng2 Be5 49. h5 a4 50. g6 hxg6 51. hxg6 a3 52. Kd2 a2 53. Ne1
Kb3 54. Nc2 e3+ 55. Kc1 e2 56. g7 Bf4+ 57. Ne3 Bxe3#
0-1

[Event "Landsturneringen 2015"]
[Site "Oppsal arena, Oslo"]
[Date "2015.07.07"]
[Round "5"]
[White "Lindbøl, Aleksander"]
[Black "Bruaset, Eivind"]
[Result "1/2-1/2"]
[WhiteElo "1618"]
[BlackElo "1563"]
[PlyCount "113"]
[EventDate "2015.??.??"]

1. c4 b6 2. d4 e6 3. Nf3 Bb7 4. Bf4 f5 5. e3 Nf6 6. Be2 a5 7. O-O d6 8. Nc3 Be7
9. Bg3 O-O 10. a3 Nh5 11. Qd2 Nd7 12. Rfd1 Nxg3 13. hxg3 Nf6 14. b4 Ne4 15. Qc2
Bf6 16. Rab1 Qe7 17. c5 Nxc3 18. Qxc3 Be4 19. Rbc1 axb4 20. axb4 bxc5 21. bxc5
Bxf3 22. cxd6 cxd6 23. Bxf3 d5 24. Ra1 Qb7 25. Rdb1 Rxa1 26. Qxa1 Ra8 27. Rxb7
Rxa1+ 28. Kh2 Ra2 29. g4 f4 30. e4 dxe4 31. Bxe4 Bxd4 32. Rb8+ Kf7 33. Bxh7
Rxf2 34. Be4 Re2 35. Bd3 Rd2 36. Be4 Be5 37. Rb7+ Kf6 38. Kg1 Re2 39. Bf3 Re3
40. Rb5 g5 41. Kf1 Bd4 42. Rb4 e5 43. Rc4 e4 44. Bd1 Be5 45. Bc2 Rg3 46. Bxe4
Rxg4 47. Rc6+ Kg7 48. Rg6+ Kf7 49. Rh6 Rg3 50. Rh3 Rxh3 51. gxh3 Kg7 52. Kg2
Kh6 53. Kf3 Kh5 54. Bf5 Bf6 55. Bg4+ Kg6 56. Be6 Bd8 57. Bg4
1/2-1/2

[Event "Landsturneringen 2015"]
[Site "Oppsal arena, Oslo"]
[Date "2015.07.07"]
[Round "5"]
[White "Bø, Torgeir H"]
[Black "Olsen, Ulrik"]
[Result "1-0"]
[WhiteElo "1354"]
[BlackElo "1829"]
[PlyCount "57"]
[EventDate "2015.??.??"]

1. f4 d5 2. Nf3 Nf6 3. d3 c5 4. e3 Nc6 5. Be2 g6 6. O-O Bg7 7. Qe1 O-O 8. Nbd2
Re8 9. a3 e5 10. fxe5 Nxe5 11. Nxe5 Rxe5 12. Nf3 Re7 13. Qh4 Qe8 14. Ng5 h6 15.
e4 dxe4 16. Nh3 exd3 17. Bxd3 Ng4 18. Bd2 Ne3 19. Rfe1 Bd4 20. Kh1 Qc6 21. Bxe3
Rxe3 22. Rxe3 Bxe3 23. Re1 Bd4 24. Qxh6 Bxh3 25. Qxh3 Bxb2 26. Bc4 Qf6 27. Rf1
Qg5 28. Rxf7 Qc1+ 29. Rf1+
1-0

[Event "Landsturneringen 2015"]
[Site "Oppsal arena, Oslo"]
[Date "2015.07.07"]
[Round "5"]
[White "Enersen, Eirik S"]
[Black "Lund, Gunnar"]
[Result "0-1"]
[WhiteElo "1477"]
[BlackElo "1615"]
[PlyCount "52"]
[EventDate "2015.??.??"]

1. e4 Nf6 2. Nc3 d5 3. exd5 Nxd5 4. Nxd5 Qxd5 5. c3 c6 6. d4 Bf5 7. Nf3 e6 8.
Bd3 Bxd3 9. Qxd3 Bd6 10. Bd2 Nd7 11. c4 Qh5 12. Bc3 O-O 13. O-O Rad8 14. Rad1
f5 15. Rfe1 Rf6 16. d5 Nc5 17. Qe3 f4 18. Qd2 Rg6 19. Ne5 f3 20. Qe3 Rxg2+ 21.
Kf1 Bxe5 22. Bxe5 Qh3 23. Qxf3 Qxf3 24. Bg3 Ne4 25. Rxe4 Qxe4 26. Re1 Rg1+
0-1

[Event "Landsturneringen 2015"]
[Site "Oppsal arena, Oslo"]
[Date "2015.07.07"]
[Round "5"]
[White "Fossan, Andreas"]
[Black "Heier, Odin Nikolai"]
[Result "1/2-1/2"]
[WhiteElo "1813"]
[BlackElo "1707"]
[PlyCount "75"]
[EventDate "2015.??.??"]

1. d4 d5 2. c4 e6 3. Nc3 Nf6 4. cxd5 exd5 5. Bg5 Nbd7 6. e3 Be7 7. Bd3 O-O 8.
Qc2 b6 9. Nf3 Bb7 10. O-O h6 11. Bh4 Rc8 12. Nb5 a6 13. Na7 Ra8 14. Nc6 Bxc6
15. Qxc6 Ra7 16. Rac1 Nb8 17. Qc3 Nbd7 18. b4 Ne4 19. Bxe7 Qxe7 20. Qb3 Qd6 21.
Rfd1 Nef6 22. Rc3 c5 23. bxc5 bxc5 24. Qa3 Rc8 25. Rdc1 Rac7 26. Qxa6 Qxa6 27.
Bxa6 Ra8 28. Bb5 Rxa2 29. dxc5 Ne4 30. R3c2 Rxc2 31. Rxc2 Rxc5 32. Rxc5 Ndxc5
33. Kf1 Kf8 34. Nd4 Ke7 35. f3 Nc3 36. Bc6 Ne6 37. Nb3 Kd6 38. Be8
1/2-1/2

[Event "Landsturneringen 2015"]
[Site "Oppsal arena, Oslo"]
[Date "2015.07.07"]
[Round "5"]
[White "Skjølås, Erling Dyrhaug"]
[Black "Greibrokk, Ingrid Andrea"]
[Result "0-1"]
[WhiteElo "1566"]
[BlackElo "1649"]
[PlyCount "94"]
[EventDate "2015.??.??"]

1. e4 c5 2. Nf3 d6 3. d4 cxd4 4. Nxd4 Nf6 5. Nc3 g6 6. Be3 Bg7 7. f3 O-O 8. Qd2
Nc6 9. O-O-O Nxd4 10. Bxd4 Be6 11. g4 a6 12. h4 b5 13. h5 b4 14. Nd5 Bxd5 15.
exd5 Qa5 16. Kb1 Qxd5 17. hxg6 fxg6 18. Bxf6 Qxd2 19. Rxd2 Bxf6 20. Rdh2 d5 21.
Rxh7 Bg7 22. Bd3 Rxf3 23. Bxg6 e6 24. g5 Raf8 25. Bd3 a5 26. g6 e5 27. R7h3
Rxh3 28. Rxh3 e4 29. Bb5 Rf6 30. Rg3 Kf8 31. a4 Bh6 32. c3 b3 33. Rg1 Kg7 34.
c4 Be3 35. Rd1 d4 36. c5 Rf5 37. Bc4 Rxc5 38. Bxb3 Kxg6 39. Re1 Kf5 40. Bc2 Re5
41. Bb3 Bf2 42. Re2 e3 43. Bc2+ Kf4 44. Kc1 Rc5 45. Kd1 Rxc2 46. Kxc2 Ke4 47.
Kb3 d3
0-1

[Event "Landsturneringen 2015"]
[Site "Oppsal arena, Oslo"]
[Date "2015.07.07"]
[Round "5"]
[White "Jacobsen, Elise Sjøttem"]
[Black "Næss, Sara"]
[Result "0-1"]
[WhiteElo "1605"]
[BlackElo "1580"]
[PlyCount "61"]
[EventDate "2015.??.??"]

1. e4 c5 2. Nc3 Nc6 3. f4 d6 4. Nf3 Nf6 5. Bc4 g6 6. d3 Bg7 7. O-O O-O 8. Qe1
e6 9. Qh4 d5 10. Bb3 dxe4 11. dxe4 Nd4 12. g4 Nxb3 13. axb3 b6 14. f5 exf5 15.
gxf5 Nh5 16. Qg4 Re8 17. Ne2 Nf6 18. Qg2 Nxe4 19. fxg6 hxg6 20. Ng5 Bf5 21. h4
Qe7 22. Ng3 Nxg3 23. Qxg3 Qe5 24. Qxe5 Rxe5 25. c3 Re2 26. Ra4 Bc2 27. Nxf7
Bxb3 28. Raf4 Rf8 29. c4 Bxc4 30. Ng5 Rxf4 31. Rxf4
0-1

[Event "Landsturneringen 2015"]
[Site "Oppsal arena, Oslo"]
[Date "2015.07.08"]
[Round "6"]
[White "Berntsen-Øybø, August"]
[Black "Lindbøl, Aleksander"]
[Result "1-0"]
[WhiteElo "1684"]
[BlackElo "1618"]
[PlyCount "67"]
[EventDate "2015.??.??"]

1. d4 e6 2. Nf3 d5 3. c3 c5 4. Bf4 Nc6 5. e3 Bd6 6. Bg3 a6 7. Qa4 Nf6 8. Ne5
Bxe5 9. dxe5 Nd7 10. Qg4 O-O 11. f4 d4 12. Bd3 dxc3 13. Nxc3 Ndxe5 14. Bxh7+
Kxh7 15. fxe5 f6 16. O-O f5 17. Qh5+ Kg8 18. Bf4 Bd7 19. Rf3 Be8 20. Qh3 Ne7
21. Bg5 Qc7 22. e4 Bg6 23. Qg3 Bh5 24. Rd3 fxe4 25. Bxe7 exd3 26. Bxf8 Rxf8 27.
Ne4 Qb6 28. Nf6+ Rxf6 29. exf6 c4+ 30. Kh1 g6 31. Qf4 Qxb2 32. Rf1 Bf3 33. Rxf3
e5 34. f7+
1-0

[Event "Landsturneringen 2015"]
[Site "Oppsal arena, Oslo"]
[Date "2015.07.08"]
[Round "6"]
[White "Bruaset, Eivind"]
[Black "Fossan, Andreas"]
[Result "1/2-1/2"]
[WhiteElo "1563"]
[BlackElo "1813"]
[PlyCount "78"]
[EventDate "2015.??.??"]

1. e4 c6 2. d4 d5 3. exd5 cxd5 4. c4 Nf6 5. Nc3 Nc6 6. Bf4 e6 7. c5 Be7 8. Nf3
O-O 9. Rb1 Ne4 10. Bd3 f5 11. Bb5 Bd7 12. O-O b6 13. Bxc6 Bxc6 14. Ne5 Rc8 15.
Nxe4 dxe4 16. Nxc6 Rxc6 17. b4 b5 18. Be5 Bf6 19. a4 a6 20. axb5 axb5 21. Qe2
Bxe5 22. dxe5 Qb8 23. f4 exf3 24. Qxf3 Ra6 25. Qc3 Qa8 26. Ra1 Rd8 27. Rxa6
Qxa6 28. Ra1 Qc6 29. Qf3 Qd7 30. Qc3 Qd5 31. c6 Rc8 32. Rc1 Rc7 33. Qc5 Qe4 34.
Kh1 Qf4 35. Rd1 Qe4 36. Rc1 Qf4 37. h3 h6 38. Rd1 Qe4 39. Rc1 Qf4
1/2-1/2

[Event "Landsturneringen 2015"]
[Site "Oppsal arena, Oslo"]
[Date "2015.07.08"]
[Round "6"]
[White "Greibrokk, Ingrid Andrea"]
[Black "Bø, Torgeir H"]
[Result "0-1"]
[WhiteElo "1649"]
[BlackElo "1354"]
[PlyCount "54"]
[EventDate "2015.??.??"]

1. e4 e6 2. d4 b6 3. Be3 Bb7 4. Nd2 Nf6 5. Bd3 c5 6. c3 d6 7. f4 h5 8. Ngf3 Ng4
9. Qe2 Nxe3 10. Qxe3 Nd7 11. O-O Nf6 12. Rae1 Be7 13. f5 Qd7 14. fxe6 fxe6 15.
e5 Ng4 16. Bg6+ Kd8 17. Qe2 cxd4 18. cxd4 dxe5 19. h3 exd4 20. hxg4 hxg4 21.
Ne5 d3 22. Nxd3 Qc7 23. Qe5 Bd6 24. Qd4 Bd5 25. Rf7 Bc5 26. Nxc5 Qh2+ 27. Kf1
Qxg2#
0-1

[Event "Landsturneringen 2015"]
[Site "Oppsal arena, Oslo"]
[Date "2015.07.08"]
[Round "6"]
[White "Heier, Odin Nikolai"]
[Black "Sundsbø, Sigve"]
[Result "1-0"]
[WhiteElo "1707"]
[BlackElo "1550"]
[PlyCount "63"]
[EventDate "2015.??.??"]

1. e4 e6 2. d4 d5 3. Nc3 Bb4 4. e5 c5 5. a3 Bxc3+ 6. bxc3 Qa5 7. Bd2 Qa4 8. Qb1
c4 9. f4 Nc6 10. Nf3 Nge7 11. Be2 Bd7 12. O-O h6 13. Kh1 O-O-O 14. Ng1 Rdf8 15.
Nh3 f6 16. Qb2 Be8 17. Bg4 f5 18. Be2 Kc7 19. Rfb1 b6 20. Nf2 Bd7 21. Nd1 Rb8
22. Qc1 b5 23. Nb2 Qa5 24. a4 b4 25. cxb4 Nxb4 26. Nd1 Nec6 27. Nc3 a6 28. Na2
Nxd4 29. Bd1 Ndc6 30. Qa3 Qc5 31. Nxb4 Nxb4 32. Bxb4
1-0

[Event "Landsturneringen 2015"]
[Site "Oppsal arena, Oslo"]
[Date "2015.07.08"]
[Round "6"]
[White "Huse, Sigurd Kjelsbøl"]
[Black "Wadstensvik, Petter Andreas"]
[Result "1/2-1/2"]
[WhiteElo "1535"]
[BlackElo "1400"]
[PlyCount "58"]
[EventDate "2015.??.??"]

1. e4 e5 2. Nf3 Nc6 3. Bb5 Nf6 4. O-O Nxe4 5. Re1 Nd6 6. Bxc6 dxc6 7. Nxe5 Be7
8. Nc3 Be6 9. d3 O-O 10. Bf4 Nb5 11. Nxb5 cxb5 12. Qe2 Bf6 13. c3 Re8 14. Qd2
Bf5 15. d4 c6 16. Re2 Bxe5 17. Rxe5 Rxe5 18. Bxe5 Qd5 19. Qf4 Qe4 20. Qxe4 Bxe4
21. f3 Bd5 22. a3 f6 23. Bf4 Re8 24. Kf2 Kf7 25. Re1 Rxe1 26. Kxe1 Ke6 27. Bb8
a5 28. Bc7 a4 29. Kf2 g6
1/2-1/2

[Event "Landsturneringen 2015"]
[Site "Oppsal arena, Oslo"]
[Date "2015.07.08"]
[Round "6"]
[White "Lund, Gunnar"]
[Black "Næss, Sara"]
[Result "0-1"]
[WhiteElo "1615"]
[BlackElo "1580"]
[PlyCount "98"]
[EventDate "2015.??.??"]

1. e4 c5 2. f4 d5 3. exd5 Qxd5 4. Nc3 Qd8 5. Nf3 Nf6 6. Be2 e6 7. d3 Be7 8. O-O
O-O 9. Be3 Nc6 10. Ng5 Nd4 11. Bf3 Nxf3+ 12. Qxf3 Rb8 13. Nge4 b6 14. Rad1 Bb7
15. g4 Nd5 16. f5 Nxe3 17. Qxe3 exf5 18. gxf5 Bf6 19. Qg3 Re8 20. Nxf6+ Qxf6
21. Rde1 Rbd8 22. Qf4 Kf8 23. Ne4 Bxe4 24. dxe4 Qxb2 25. f6 Qxf6 26. Qxf6 gxf6
27. Rxf6 Rd2 28. Rf2 Red8 29. Ree2 Rxe2 30. Rxe2 Rd1+ 31. Kf2 Ra1 32. Ke3 Rxa2
33. Kd3 Ra3+ 34. Kc4 Ra4+ 35. Kb5 Rd4 36. Kc6 Ke7 37. Re3 Rd2 38. Kb7 Rxc2 39.
Kxa7 Rxh2 40. Kxb6 Rh5 41. Kb5 Kf6 42. Kc4 Rg5 43. Rf3+ Ke6 44. Rh3 h5 45. Kd3
Ke5 46. Rf3 f5 47. exf5 Rxf5 48. Re3+ Kf4 49. Ke2 Re5
0-1

[Event "Landsturneringen 2015"]
[Site "Oppsal arena, Oslo"]
[Date "2015.07.09"]
[Round "7"]
[White "Bruaset, Eivind"]
[Black "Berntsen-Øybø, August"]
[Result "0-1"]
[WhiteElo "1563"]
[BlackElo "1684"]
[PlyCount "144"]
[EventDate "2015.??.??"]

1. e4 c5 2. a3 g6 3. b4 Bg7 4. Nc3 cxb4 5. axb4 Nc6 6. Rb1 d6 7. g3 Nf6 8. Bg2
O-O 9. Nge2 Bd7 10. O-O Qc8 11. d3 Bh3 12. f4 Bxg2 13. Kxg2 e6 14. Ba3 Ne7 15.
b5 Ng4 16. Qd2 Rd8 17. h3 Bxc3 18. Nxc3 Ne3+ 19. Qxe3 Qxc3 20. Qc1 Rac8 21. Rf2
Rd7 22. Rb3 Qxb3 23. cxb3 Rxc1 24. Bxc1 Rc7 25. Ba3 Nc8 26. Bb4 Kf8 27. Kf3 Ke7
28. Ke3 Rc1 29. Kd2 Rg1 30. Rf3 Kd7 31. f5 Rg2+ 32. Kc3 gxf5 33. exf5 Ne7 34.
fxe6+ fxe6 35. d4 Nd5+ 36. Kc4 Rc2+ 37. Bc3 Ke7 38. b4 h5 39. Kb3 Rh2 40. h4
Re2 41. Kc4 Rc2 42. Kb3 Rxc3+ 43. Rxc3 Nxc3 44. Kxc3 Kf6 45. Kd3 Kf5 46. Ke3
Kg4 47. Kf2 e5 48. dxe5 dxe5 49. Kg2 e4 50. Kf2 Kh3 51. b6 a6 52. Ke3 Kxg3 53.
Kxe4 Kxh4 54. Kd5 Kg4 55. Kd6 h4 56. Kc7 h3 57. Kxb7 h2 58. Kxa6 h1=Q 59. b7
Qc6+ 60. Ka7 Qa4+ 61. Kb8 Qxb4 62. Kc7 Qc5+ 63. Kd7 Qb6 64. Kc8 Qc6+ 65. Kb8
Kf5 66. Ka7 Qc7 67. Ka8 Qa5+ 68. Kb8 Ke6 69. Kc8 Qc5+ 70. Kd8 Qc6 71. b8=N Qb7
72. Na6 Qd7#
0-1

[Event "Landsturneringen 2015"]
[Site "Oppsal arena, Oslo"]
[Date "2015.07.09"]
[Round "7"]
[White "Næss, Sara"]
[Black "Fossan, Andreas"]
[Result "0-1"]
[WhiteElo "1580"]
[BlackElo "1813"]
[PlyCount "82"]
[EventDate "2015.??.??"]

1. e4 c6 2. d4 d5 3. Nc3 dxe4 4. Nxe4 Bf5 5. Ng3 Bg6 6. Nf3 Nd7 7. h4 h6 8. h5
Bh7 9. Bd3 Bxd3 10. Qxd3 e6 11. Bf4 Qa5+ 12. c3 Ngf6 13. Qc4 Be7 14. O-O-O O-O
15. Kb1 Rfc8 16. Qe2 Nd5 17. Bc1 N7f6 18. Rdg1 b5 19. Ne4 Nxe4 20. Qxe4 Qxc3
21. g4 Nf6 22. Qe2 Qc4 23. Qxc4 bxc4 24. g5 hxg5 25. Bxg5 c5 26. Bh6 Ne8 27.
Bxg7 Nxg7 28. h6 Bf6 29. Ne5 Rc7 30. Rh2 cxd4 31. f4 Kf8 32. h7 Ne8 33. Rg8+
Ke7 34. Ng4 Bg7 35. f5 Rcc8 36. f6+ Nxf6 37. Nxf6 Bxf6 38. Rhg2 d3 39. Kc1 Rab8
40. Rxc8 Rxc8 41. Rg8 Kd7
0-1

[Event "Landsturneringen 2015"]
[Site "Oppsal arena, Oslo"]
[Date "2015.07.09"]
[Round "7"]
[White "Bø, Torgeir H"]
[Black "Heier, Odin Nikolai"]
[Result "0-1"]
[WhiteElo "1354"]
[BlackElo "1707"]
[PlyCount "70"]
[EventDate "2015.??.??"]

1. g3 d5 2. Bg2 Nf6 3. c4 e6 4. b3 Be7 5. Bb2 b6 6. Nf3 Bb7 7. O-O O-O 8. Qc2
Nbd7 9. h4 c5 10. Na3 d4 11. e3 e5 12. exd4 exd4 13. Rfe1 Re8 14. h5 h6 15. Re2
Nb8 16. Ne5 Bxg2 17. Kxg2 Bd6 18. Rae1 Rxe5 19. Rxe5 Bxe5 20. Rxe5 Nc6 21. Re1
Qd7 22. d3 Nxh5 23. Qe2 Nf6 24. Qf3 Rc8 25. Nc2 Ng4 26. Qe4 Nf6 27. Qf3 Nh7 28.
Bc1 Nd8 29. Qh5 Ne6 30. Bd2 Neg5 31. Bf4 Nf6 32. Qd1 Qh3+ 33. Kg1 Ng4 34. Qe2
Qh2+ 35. Kf1 Qh1#
0-1

[Event "Landsturneringen 2015"]
[Site "Oppsal arena, Oslo"]
[Date "2015.07.09"]
[Round "7"]
[White "Lindbøl, Aleksander"]
[Black "Greibrokk, Ingrid Andrea"]
[Result "1/2-1/2"]
[WhiteElo "1618"]
[BlackElo "1649"]
[PlyCount "96"]
[EventDate "2015.??.??"]

1. Nf3 Nf6 2. c4 e6 3. d4 Bb4+ 4. Bd2 Bxd2+ 5. Nbxd2 d5 6. e3 O-O 7. Bd3 b6 8.
O-O Bb7 9. Rc1 Na6 10. Qe2 Nb4 11. a3 Nxd3 12. Qxd3 c6 13. Rfe1 Rc8 14. b4 Qe7
15. c5 Nd7 16. e4 bxc5 17. bxc5 Qd8 18. exd5 exd5 19. Re3 Re8 20. Rce1 Rxe3 21.
Qxe3 Kf8 22. Ne5 Nxe5 23. Qxe5 Rc7 24. f4 Re7 25. Qxe7+ Qxe7 26. Rxe7 Kxe7 27.
Kf2 Bc8 28. Kf3 Bf5 29. g4 Bc2 30. Nf1 Kd7 31. f5 h5 32. Ne3 Be4+ 33. Kf4 hxg4
34. Nxg4 f6 35. h4 Ke7 36. h5 Kf7 37. h6 g5+ 38. fxg6+ Bxg6 39. Ne3 Ke6 40. Nd1
Kf7 41. Nc3 Bd3 42. Nd1 Kg6 43. Nf2 Be2 44. Ng4 Bxg4 45. Kxg4 Kxh6 46. Kf5 Kg7
47. Ke6 f5 48. Kxf5 Kf7
1/2-1/2

[Event "Landsturneringen 2015"]
[Site "Oppsal arena, Oslo"]
[Date "2015.07.09"]
[Round "7"]
[White "Hem, Even Elias Yuan"]
[Black "Olsen, Ulrik"]
[Result "0-1"]
[WhiteElo "1381"]
[BlackElo "1829"]
[PlyCount "74"]
[EventDate "2015.??.??"]

1. d4 Nf6 2. c4 e6 3. Nc3 Bb4 4. Qc2 O-O 5. Nf3 b6 6. a3 Bxc3+ 7. bxc3 d5 8. e3
Ba6 9. cxd5 Bxf1 10. Kxf1 exd5 11. g3 Ne4 12. Kg2 Nd7 13. Bb2 c6 14. Rac1 Re8
15. Qe2 Nf8 16. Ne5 Qc8 17. c4 f6 18. Nf3 Qd7 19. Rc2 Ne6 20. h4 Rac8 21. Rhc1
h6 22. Rh1 Kf7 23. Rcc1 Nd6 24. cxd5 cxd5 25. Nd2 Qa4 26. Qd1 Qb5 27. Rb1 Qd3
28. Nf3 Qg6 29. Qa4 Re7 30. Rbc1 Rc4 31. Rxc4 Nxc4 32. Qb3 Qe4 33. Bc1 g5 34.
hxg5 hxg5 35. Qd1 g4 36. Kg1 Qxf3 37. Qc2 Ng5
0-1

[Event "Landsturneringen 2015"]
[Site "Oppsal arena, Oslo"]
[Date "2015.07.09"]
[Round "7"]
[White "Sundsbø, Sigve"]
[Black "Wadstensvik, Petter Andreas"]
[Result "1/2-1/2"]
[WhiteElo "1550"]
[BlackElo "1400"]
[PlyCount "119"]
[EventDate "2015.??.??"]

1. d4 Nf6 2. c4 g6 3. Nc3 Bg7 4. e4 d6 5. f3 O-O 6. Be3 a6 7. Qd2 Nbd7 8. Bd3
c5 9. d5 b5 10. cxb5 Qa5 11. bxa6 Bxa6 12. Bxa6 Rxa6 13. Nge2 Nb6 14. b3 Nfxd5
15. exd5 Nxd5 16. Qxd5 Bxc3+ 17. Nxc3 Qxc3+ 18. Ke2 Rfa8 19. Bd2 Qc2 20. Rhc1
Qb2 21. Rcb1 Qc2 22. a4 c4 23. Qxc4 Qxc4+ 24. bxc4 Rxa4 25. Rxa4 Rxa4 26. Ke3
Ra3+ 27. Kd4 Ra2 28. Bh6 f5 29. Kd5 Kf7 30. Rb8 Ra5+ 31. Kc6 Ke6 32. Be3 Ra4
33. Kb5 Ra3 34. Bd2 Ra2 35. Bc3 Rxg2 36. h4 Rh2 37. Ra8 Rxh4 38. Ra2 Rh3 39.
Rf2 g5 40. Bd2 g4 41. fxg4 fxg4 42. Kc6 Rf3 43. Re2+ Kf6 44. Be3 h5 45. Bd4+ e5
46. Bb6 Rd3 47. Bc7 g3 48. Bxd6 h4 49. Bxe5+ Kf5 50. c5 h3 51. Bxg3 Rxg3 52.
Kd7 Rg2 53. Re1 h2 54. Rh1 Kf4 55. c6 Rg7+ 56. Kc8 Kg3 57. c7 Kg2 58. Rxh2+
Kxh2 59. Kb8 Rxc7 60. Kxc7
1/2-1/2

[Event "Landsturneringen 2015"]
[Site "Oppsal arena, Oslo"]
[Date "2015.07.09"]
[Round "7"]
[White "Lund, Gunnar"]
[Black "Jacobsen, Elise Sjøttem"]
[Result "0-1"]
[WhiteElo "1615"]
[BlackElo "1605"]
[PlyCount "66"]
[EventDate "2015.??.??"]

1. e4 c5 2. Nf3 d6 3. Bc4 Nc6 4. O-O g6 5. Nc3 Bg7 6. d3 Nf6 7. h3 O-O 8. Nh2
Na5 9. Bb3 Nxb3 10. axb3 d5 11. e5 Nd7 12. Nxd5 Nxe5 13. Ne3 b5 14. Nf3 Bb7 15.
Nxe5 Bxe5 16. Ng4 Qd5 17. f3 Bd4+ 18. Kh1 f5 19. Ne3 Qe5 20. Re1 Bxb2 21. Ng4
Qd4 22. Nh6+ Kh8 23. Bxb2 Qxb2 24. Rxe7 Bd5 25. Raxa7 Rxa7 26. Rxa7 Qf6 27. f4
Ra8 28. Rxa8+ Bxa8 29. Qg1 Kg7 30. Qxc5 Kxh6 31. Qxb5 Qh4 32. Kg1 Qe1+ 33. Kh2
Qf2
0-1

[Event "Landsturneringen 2015"]
[Site "Oppsal arena, Oslo"]
[Date "2015.07.10"]
[Round "8"]
[White "Berntsen-Øybø, August"]
[Black "Heier, Odin Nikolai"]
[Result "1-0"]
[WhiteElo "1684"]
[BlackElo "1707"]
[PlyCount "77"]
[EventDate "2015.??.??"]

1. d4 d5 2. Nf3 Nf6 3. Bg5 e6 4. e3 Be7 5. Bd3 Nbd7 6. Nbd2 b6 7. O-O Bb7 8.
Ne5 Nxe5 9. dxe5 Nd7 10. Bxe7 Qxe7 11. f4 O-O 12. Qh5 f5 13. exf6 Nxf6 14. Qh4
Rf7 15. Nf3 g6 16. Ne5 Rg7 17. g4 Rf8 18. g5 Nd7 19. Ng4 c5 20. c3 c4 21. Bc2
Qc5 22. Rad1 Qc6 23. Rd4 Qc7 24. Kg2 e5 25. fxe5 Rxf1 26. Kxf1 Nxe5 27. Nf6+
Kh8 28. Ke2 Qc5 29. Qf4 Nd7 30. Nxd7 Rxd7 31. Qf6+ Rg7 32. Rh4 Kg8 33. Qe6+ Rf7
34. Rxh7 Kxh7 35. Qxf7+ Kh8 36. Bxg6 Qe7 37. Qxe7 Kg8 38. Qf7+ Kh8 39. Qh7#
1-0

[Event "Landsturneringen 2015"]
[Site "Oppsal arena, Oslo"]
[Date "2015.07.10"]
[Round "8"]
[White "Bø, Torgeir H"]
[Black "Bruaset, Eivind"]
[Result "0-1"]
[WhiteElo "1354"]
[BlackElo "1563"]
[PlyCount "128"]
[EventDate "2015.??.??"]

1. e4 e6 2. d3 d5 3. Nd2 Be7 4. Ngf3 c5 5. g3 Nf6 6. e5 Nfd7 7. c3 Nc6 8. d4
O-O 9. Bg2 f6 10. exf6 Bxf6 11. Nb3 c4 12. Nbd2 e5 13. dxe5 Ndxe5 14. Nxe5 Nxe5
15. O-O Nd3 16. Nf3 Bg4 17. Qc2 Bxc3 18. Qxc3 Bxf3 19. Bxf3 Rxf3 20. Bf4 Qf6
21. Qxf6 gxf6 22. Kg2 Rxf4 23. gxf4 Nxb2 24. Rab1 c3 25. Kf3 Rd8 26. Rxb2 cxb2
27. Rb1 Kf7 28. f5 Ke7 29. Rxb2 b6 30. Re2+ Kf7 31. Rd2 Rd6 32. Rd4 Rd7 33. h3
Ke7 34. Rh4 Kd6 35. Ke3 Kc5 36. Kd3 b5 37. Rh6 Rf7 38. f4 a5 39. h4 b4 40. h5
a4 41. Rg6 b3 42. axb3 axb3 43. Kc3 Rb7 44. Kb2 d4 45. Rxf6 d3 46. Ra6 d2 47.
Ra1 Kc4 48. f6 Kd3 49. Rg1 Rf7 50. Kxb3 Rxf6 51. h6 Rxf4 52. Rg3+ Ke2 53. Rg2+
Rf2 54. Rg7 d1=Q+ 55. Kc3 Rf3+ 56. Kc4 Qa4+ 57. Kd5 Rf5+ 58. Ke6 Qe4+ 59. Kd7
Rd5+ 60. Kc8 Qc4+ 61. Kb8 Rb5+ 62. Ka8 Qc8+ 63. Ka7 Qb8+ 64. Ka6 Qb6#
0-1